|
|
|
|
| LEADER |
00672cam a2200181 7i4500 |
| 001 |
0000006459 |
| 005 |
19991025090000.0 |
| 002 |
##000008148 |
| 020 |
0 |
0 |
|a T000006206
|
| 090 |
0 |
0 |
|a STAT 310.9
|b GUI
|
| 090 |
0 |
0 |
|a UAE 310.9
|b QUI# 199-]
|
| 245 |
0 |
0 |
|a The Quick reference in Dubai :
|b foreign trade statistics 1992-1996.
|
| 260 |
0 |
0 |
|a Dubai:
|b Dubai Chamber of Commerce & Industry,
|c [199-].
|
| 300 |
0 |
0 |
|a 67p..
|
| 650 |
0 |
0 |
|a Foreign trade --
|x Statistics --
|z United Arab Emirates
|
| 651 |
0 |
0 |
|a United Arab Emirates
|
| 999 |
|
|
|a 0000009350
|b Book
|c Open shelf
|e Business Information Centre
|
| 999 |
|
|
|a 0000009349
|b Book
|c Open shelf
|e Business Information Centre
|